| 000 | 00409 a2200169 4500 | ||
|---|---|---|---|
| 001 | 82762 | ||
| 020 | _a9780691135045 | ||
| 082 | _a530 MUL | ||
| 090 |
_c39983 _d39983 |
||
| 100 | _aRichard A Muller | ||
| 245 | _aPhysics and Technology For Future Presidents | ||
| 250 | _a1st | ||
| 260 |
_aUSA _bPrinceton University Press _c2010 |
||
| 300 | _axi 517p. | ||
| 500 | _aGeneral Books | ||
| 505 | _aAHQ Books | ||
| 942 |
_aCAENUST _k530 MUL |
||
| 999 |
_c317835 _d317835 |
||